Causal Analytics for Applied Risk Analysis

Causal analytics methods can revolutionize the use of data to make effective decisions by revealing how different choices affect probabilities of various outcomes. This book presents and illustrates models, algorithms, principles, and software for deriving causal models from data and for using them...

Celý popis

Uloženo v:
Podrobná bibliografie
Hlavní autor: Cox Jr., Louis Anthony (Autor)
Médium: Elektronický zdroj E-kniha
Jazyk:angličtina
Vydáno: Cham : Springer International Publishing, 2018.
Vydání:1st ed. 2018.
Edice:International Series in Operations Research & Management Science, 270
Témata:
ISBN:9783319782423
ISSN:0884-8289 ;
On-line přístup: Získat plný text
Tagy: Přidat tag
Žádné tagy, Buďte první, kdo vytvoří štítek k tomuto záznamu!

MARC

LEADER 00000nam a22000005i 4500
003 SK-BrCVT
005 20220618115651.0
007 cr nn 008mamaa
008 180619s2018 gw | s |||| 0|eng d
020 |a 9783319782423 
024 7 |a 10.1007/978-3-319-78242-3  |2 doi 
035 |a CVTIDW07550 
040 |a Springer-Nature  |b eng  |c CVTISR  |e AACR2 
041 |a eng 
100 1 |a Cox Jr., Louis Anthony.  |4 aut 
245 1 0 |a Causal Analytics for Applied Risk Analysis  |h [electronic resource] /  |c by Louis Anthony Cox Jr., Douglas A. Popken, Richard X. Sun. 
250 |a 1st ed. 2018. 
260 1 |a Cham :  |b Springer International Publishing,  |c 2018. 
300 |a XXII, 588 p. 121 illus., 95 illus. in color.  |b online resource. 
490 1 |a International Series in Operations Research & Management Science,  |x 0884-8289 ;  |v 270 
500 |a Business and Management  
505 0 |a Part 1. Concepts and Methods of Causal Analytics -- Chapter 1. Causal Analytics and Risk Analytics -- Chapter 2. Causal Concepts, Principles, and Algorithms -- Part 2. Descriptive Analytics in Public and Occupational Health -- Chapter 3. Descriptive Analytics for Public Health: Socioeconomic and Air Pollution Correlates of Adult Asthma, Heart Attack, and Stroke Risks -- Chapter 4. Descriptive Analytics for Occupational Health: Is Benzene Metabolism in Exposed Workers More Efficient at Very Low Concentrations?- Chapter 5. How Large are Human Health Risks Caused by Antibiotics Used in Food Animals?- Chapter 6. Quantitative Risk Assessment of Human Risks of Methicillin-Resistant Staphylococcus aureus (MRSA) Caused by Swine Operations Part 3. Predictive and Causal Analytics -- Chapter 7. Attributive Causal Modeling: Quantifying Human Health Risks Caused by Toxoplasmosis From Open System Production Of Swine -- Chapter 8. How Well Can High-Throughput Screening Test Results Predict Whether Chemicals Cause Cancer in Mice and Rats?- Chapter 9. Mechanistic Causality: Biological Mechanisms of Dose-Response Thresholds for Inflammation-Mediated Diseases Caused by Asbestos Fibers and Mineral Particles -- Part 4. Evaluation Analytics -- Chapter 10. Evaluation Analytics for Public Health: Has Reducing Air Pollution Reduced Mortality in the United States?- Chapter 11. Evaluation Analytics for Occupational health: How accurately and consistently do laboratories measure workplace concentrations of respirable crystalline silica?- Part 5. Risk Management: Insights from Prescriptive, Learning, and Collaborative Analytics -- Chapter 12. Improving individual, group and organizational decisions: Overcoming learning aversion in evaluating and managing uncertain risks -- Chapter 13. Improving organizational risk management: From Lame Excuses to Principled Practice -- Chapter 14. Improving institutions of risk management: Uncertain causality and judicial review of regulations -- Chapter 15. Intergenerational justice in protective and resilience investments with uncertain future preferences and resources. 
516 |a text file PDF 
520 |a Causal analytics methods can revolutionize the use of data to make effective decisions by revealing how different choices affect probabilities of various outcomes. This book presents and illustrates models, algorithms, principles, and software for deriving causal models from data and for using them to optimize decisions with uncertain outcomes. It discusses how to describe and summarize situations; detect changes; evaluate effects of policies or interventions; learn what works best under different conditions; predict values of as-yet unobserved quantities from available data; and identify the most likely explanations for observed outcomes, including surprises and anomalies. The book resents practical techniques for causal modeling and analytics that practitioners can apply to improve understanding of how choices affect probabilities of consequences and, based on this understanding, to recommend choices that are more likely to accomplish their intended objectives. The book begins with a survey of modern analytics methods, focusing mainly on techniques useful for decision, risk, and policy analysis. Chapter 2 introduces free in-browser software, including the Causal Analytics Toolkit (CAT) software, to enable readers to perform the analyses described and to apply modern analytics methods easily to their own data sets. Chapters 3 through 11 show how to apply causal analytics and risk analytics to practical risk analysis challenges, mainly related to public and occupational health risks from pathogens in food or from pollutants in air. Chapters 12 through 15 turn to broader questions of how to improve risk management decision-making by individuals, groups, organizations, institutions, and multi-generation societies with different cultures and norms for cooperation. These chapters examine organizational learning, community resilience, societal risk management, and intergenerational collaboration and justice in managing risks. 
650 0 |a Operations research. 
650 0 |a Decision making. 
650 0 |a Big data. 
650 0 |a Risk management. 
856 4 0 |u http://hanproxy.cvtisr.sk/han/cvti-ebook-springer-eisbn-978-3-319-78242-3  |y Vzdialený prístup pre registrovaných používateľov 
910 |b ZE04830 
919 |a 978-3-319-78242-3 
974 |a andrea.lebedova  |f Elektronické zdroje 
992 |a SUD 
999 |c 273646  |d 273646